[Event "GER-ch U14"]
[Site "Willingen"]
[Date "2019.06.14"]
[Round "8"]
[White "Seng, Alexander"]
[Black "Evering, Soeren"]
[Result "0-1"]
[WhiteElo "1505"]
[BlackElo "1879"]
[PlyCount "102"]
[EventDate "2019.06.08"]
[EventType "swiss"]
[EventRounds "9"]
[EventCountry "GER"]
[SourceTitle "CBM 191 Extra"]
[Source "ChessBase"]
[SourceDate "2019.09.30"]
[SourceVersion "1"]
[SourceVersionDate "2019.09.30"]
[SourceQuality "1"]

1. d4 Nf6 2. Nf3 d5 3. c4 e6 4. Bf4 Bb4+ 5. Bd2 Bxd2+ 6. Qxd2 0-0 7. Nc3 b6 8. cxd5 exd5 9. e3 Bb7 10. Be2 Nbd7 11. b4 Qe7 12. Rb1 Ne4 13. Qc2 a5 14. b5 Rac8 15. Qb3 c5 16. 0-0 Ndf6 17. Nxe4 Nxe4 18. Qa3 Rc7 19. Bd3 Qf6 20. Rfc1 Rfc8 21. Qb2 c4 22. Be2 Qd6 23. a4 Re8 24. Qa2 Bc8 25. Nd2 Bf5 26. Nf3 Qf6 27. Rb2 Rec8 28. Qa3 h6 29. Rbc2 Nd6 30. Rc3 Ne4 31. R3c2 g5 32. Nd2 Nxf2 33. Rc3 Ne4 34. Nxe4 Bxe4 35. Rf1 Qe6 36. h3 Re8 37. Bf3 Bd3 38. Re1 Rce7 39. Qc1 Qd6 40. Kf2 Kg7 41. Qb2 Be4 42. Bxe4 Rxe4 43. g3 h5 44. Kg2 h4 45. Qf2 Qxg3+ 46. Qxg3 hxg3 47. Kxg3 Rxd4 48. exd4 Rxe1 49. Rf3 f6 50. Rf5 Kg6 51. Rxd5 c3 0-1

[Event "GER-ch U14"]
[Site "Willingen"]
[Date "2019.06.13"]
[Round "7"]
[White "Seng, Alexander"]
[Black "Weidenhoefer, Max"]
[Result "0-1"]
[WhiteElo "1505"]
[BlackElo "1787"]
[PlyCount "92"]
[EventDate "2019.06.08"]
[EventType "swiss"]
[EventRounds "9"]
[EventCountry "GER"]
[SourceTitle "CBM 191 Extra"]
[Source "ChessBase"]
[SourceDate "2019.09.30"]
[SourceVersion "1"]
[SourceVersionDate "2019.09.30"]
[SourceQuality "1"]

1. d4 d5 2. c4 c6 3. cxd5 cxd5 4. Bf4 Nc6 5. e3 Nf6 6. Nc3 a6 7. Bd3 e6 8. Nf3 Be7 9. 0-0 Nh5 10. Be5 f6 11. Bg3 Nxg3 12. hxg3 g6 13. a3 Kf7 14. Nd2 h5 15. f4 f5 16. Nf3 b6 17. b4 Nb8 18. Rc1 a5 19. Qa4 Bb7 20. b5 Nd7 21. Ne5+ Nxe5 22. fxe5 Qf8 23. Nb1 Qh6 24. Rf3 Rac8 25. Qd1 Rxc1 26. Qxc1 Rc8 27. Qd2 g5 28. Qe1 g4 29. Rf2 h4 30. Re2 hxg3 31. Qxg3 Rc1+ 32. Re1 Bh4 33. Qxh4 Qxh4 34. Rxc1 g3 35. Rc7+ Kg6 36. Rxb7 Qh2+ 37. Kf1 Qh1+ 38. Ke2 Qxg2+ 39. Kd1 Qh1+ 40. Kc2 g2 41. Rb8 g1Q 42. Rg8+ Kf7 43. Rxg1 Qxg1 44. Kd2 Qf2+ 45. Be2 f4 46. exf4 Qxd4+ 0-1

[Event "GER-ch U14"]
[Site "Willingen"]
[Date "2019.06.12"]
[Round "5"]
[White "Seng, Alexander"]
[Black "Bornholdt, Joa Max"]
[Result "1-0"]
[WhiteElo "1505"]
[BlackElo "1754"]
[PlyCount "83"]
[EventDate "2019.06.08"]
[EventType "swiss"]
[EventRounds "9"]
[EventCountry "GER"]
[SourceTitle "CBM 191 Extra"]
[Source "ChessBase"]
[SourceDate "2019.09.30"]
[SourceVersion "1"]
[SourceVersionDate "2019.09.30"]
[SourceQuality "1"]

1. d4 Nf6 2. c4 c5 3. d5 b5 4. Qc2 g6 5. e4 d6 6. cxb5 a6 7. Nc3 Bg7 8. Nf3 0-0 9. Be2 axb5 10. Bxb5 Ba6 11. 0-0 Qc7 12. Bxa6 Nxa6 13. a3 Rfb8 14. Rb1 Nd7 15. Bd2 c4 16. Na2 Nb6 17. Bc3 e5 18. Nb4 Nxb4 19. Bxb4 Qd7 20. Nd2 Rc8 21. Rfc1 f5 22. f3 Bh6 23. Qd1 Be3+ 24. Kh1 f4 25. Qe2 Bxd2 26. Qxd2 Kf7 27. Rc2 Ke7 28. Rbc1 Qa4 29. Qf2 Qa7 30. Qh4+ Ke8 31. Qf6 Qf7 32. Qxd6 Nd7 33. Rxc4 Rxc4 34. Rxc4 Rb8 35. Rc7 Rd8 36. Qe6+ Qxe6 37. dxe6 Nc5 38. h3 Rd1+ 39. Kh2 Na6 40. Rc8+ Rd8 41. Rxd8+ Kxd8 42. Bd6 1-0

[Event "GER-ch U14"]
[Site "Willingen"]
[Date "2019.06.09"]
[Round "1"]
[White "Laux, Dominik"]
[Black "Seng, Alexander"]
[Result "1-0"]
[WhiteElo "2061"]
[BlackElo "1505"]
[PlyCount "73"]
[EventDate "2019.06.08"]
[EventType "swiss"]
[EventRounds "9"]
[EventCountry "GER"]
[SourceTitle "CBM 191 Extra"]
[Source "ChessBase"]
[SourceDate "2019.09.30"]
[SourceVersion "1"]
[SourceVersionDate "2019.09.30"]
[SourceQuality "1"]

1. d4 Nf6 2. Bg5 Ne4 3. Bf4 Nc6 4. e3 d5 5. Bd3 Bf5 6. f3 Nd6 7. Bxd6 Bxd3 8. Bxe7 Qxe7 9. Qxd3 0-0-0 10. a3 g6 11. Nd2 Bh6 12. Kf2 Rhe8 13. Re1 f5 14. Re2 Qf6 15. g3 g5 16. c3 Rd7 17. f4 Rde7 18. Ndf3 gxf4 19. exf4 Re4 20. Ke1 Ne7 21. Ne5 Ng6 22. Nh3 Nxe5 23. dxe5 Qc6 24. Nf2 Rxe2+ 25. Kxe2 Rf8 26. Rd1 d4 27. Qxd4 Qb5+ 28. c4 Qa4 29. b3 Qc6 30. Qxa7 b6 31. Qa6+ Kb8 32. Qb5 Qg6 33. c5 Qh5+ 34. Kf1 Qg6 35. cxb6 Qxb6 36. Qxb6+ cxb6 37. Rd6 1-0

[Event "Rheinland Pfalz op 10th"]
[Site "Nickenich"]
[Date "2018.05.03"]
[Round "7"]
[White "Marzec, Witold"]
[Black "Seng, Alexander"]
[Result "0-1"]
[WhiteElo "1747"]
[BlackElo "1327"]
[PlyCount "66"]
[EventDate "2018.05.31"]
[EventType "swiss"]
[EventRounds "7"]
[EventCountry "GER"]
[SourceTitle "EXT 2019"]
[Source "ChessBase"]
[SourceDate "2018.10.10"]
[SourceVersion "1"]
[SourceVersionDate "2018.10.10"]
[SourceQuality "1"]

1. c4 Nf6 2. Nc3 g6 3. Nf3 Bg7 4. g3 0-0 5. Bg2 d6 6. 0-0 e5 7. d4 Nc6 8. d5 Ne7 9. e4 Ne8 10. Ne1 f5 11. f4 fxe4 12. Nxe4 exf4 13. Rxf4 Rxf4 14. gxf4 Nf5 15. Nf3 Qe7 16. Nc3 Nf6 17. Qe1 Qxe1+ 18. Nxe1 Bd7 19. Bd2 Re8 20. Nc2 Nh4 21. Re1 Rxe1+ 22. Nxe1 Nxg2 23. Kxg2 Bf5 24. Kf3 a6 25. b4 Nd7 26. Nd1 Nb6 27. Ne3 Bb1 28. c5 dxc5 29. bxc5 Na4 30. d6 cxd6 31. cxd6 Kf7 32. Bb4 Nb6 33. Nc4 Nxc4 0-1

[Event "SVR-op"]
[Site "Hennweiler"]
[Date "2018.03.31"]
[Round "7"]
[White "Seng, Alexander"]
[Black "Ries, Werner1"]
[Result "1-0"]
[WhiteElo "1335"]
[BlackElo "1630"]
[PlyCount "55"]
[EventDate "2018.03.24"]
[EventType "swiss"]
[EventRounds "7"]
[EventCountry "GER"]
[SourceTitle "EXT 2020"]
[Source "ChessBase"]
[SourceDate "2019.10.17"]
[SourceVersion "1"]
[SourceVersionDate "2019.10.17"]
[SourceQuality "1"]

1. d4 d5 2. c4 e6 3. Nf3 c5 4. e3 Nf6 5. Nc3 Nc6 6. Be2 Be7 7. 0-0 0-0 8. dxc5 Bxc5 9. cxd5 Nxd5 10. Nxd5 exd5 11. Qc2 Qe7 12. Re1 Nb4 13. Qb1 Bg4 14. Bd2 Rac8 15. a3 Nc6 16. b4 Bb6 17. b5 Na5 18. Bb4 Qf6 19. Bxf8 Rxf8 20. Qb4 Bxf3 21. Bxf3 d4 22. exd4 Bxd4 23. Rac1 Bb6 24. Qc3 Qf5 25. a4 Qf4 26. Re4 Qh6 27. Rce1 a6 28. Re8 1-0

[Event "SVR-op"]
[Site "Hennweiler"]
[Date "2018.03.24"]
[Round "1"]
[White "Seng, Alexander"]
[Black "Teichgraeber, Ralf"]
[Result "0-1"]
[WhiteElo "1335"]
[BlackElo "1905"]
[PlyCount "56"]
[EventDate "2018.03.24"]
[EventType "swiss"]
[EventRounds "7"]
[EventCountry "GER"]
[SourceTitle "EXT 2020"]
[Source "ChessBase"]
[SourceDate "2019.10.17"]
[SourceVersion "1"]
[SourceVersionDate "2019.10.17"]
[SourceQuality "1"]

1. d4 d5 2. c4 e6 3. Nc3 Nf6 4. e3 Be7 5. Nf3 0-0 6. Be2 a6 7. 0-0 Nbd7 8. a3 dxc4 9. Bxc4 b5 10. Bd3 c5 11. Be4 Nxe4 12. Nxe4 c4 13. Ng3 Bb7 14. e4 Qc7 15. Qc2 Rac8 16. Bd2 Rfd8 17. Rad1 a5 18. h4 f5 19. Bg5 Nf6 20. exf5 Bxf3 21. gxf3 h6 22. fxe6 hxg5 23. hxg5 Nh7 24. Qg6 Nxg5 25. Kg2 Qf4 26. Nf5 Qxf3+ 27. Kg1 Qg4+ 28. Ng3 Nf3+ 0-1

[Event "SVR-op"]
[Site "Heimbach Weis"]
[Date "2017.04.08"]
[Round "1"]
[White "Rommel, Artur"]
[Black "Seng, Alexander"]
[Result "1-0"]
[WhiteElo "1672"]
[BlackElo "1232"]
[PlyCount "67"]
[EventDate "2017.04.08"]
[EventType "swiss"]
[EventRounds "7"]
[EventCountry "GER"]
[SourceTitle "EXT 2020"]
[Source "ChessBase"]
[SourceDate "2019.10.17"]
[SourceVersion "1"]
[SourceVersionDate "2019.10.17"]
[SourceQuality "1"]

1. c4 c6 2. g3 Nf6 3. Bg2 d5 4. b3 Bf5 5. Nf3 e6 6. Bb2 Nbd7 7. 0-0 Bc5 8. d4 Be7 9. Nbd2 dxc4 10. bxc4 Qb6 11. Nb3 0-0 12. Nfd2 Rfd8 13. e4 Bg6 14. h3 h6 15. f4 Bh7 16. Qe2 Bb4 17. e5 Ne8 18. Be4 Bxd2 19. Bxh7+ Kxh7 20. Qxd2 c5 21. Qd3+ Kg8 22. f5 Nc7 23. Kh2 Qc6 24. fxe6 fxe6 25. Rf4 Rf8 26. Raf1 b6 27. Qg6 cxd4 28. Rf7 Rxf7 29. Rxf7 Ne8 30. Bxd4 Rd8 31. Rf4 Nf8 32. Qf7+ Kh7 33. Qxf8 Qxc4 34. Bxb6 1-0

[Event "SVR-op"]
[Site "Heimbach Weis"]
[Date "2017.04.08"]
[Round "2"]
[White "Seng, Alexander"]
[Black "Schloetter, Hermann"]
[Result "1/2-1/2"]
[WhiteElo "1232"]
[BlackElo "1572"]
[PlyCount "80"]
[EventDate "2017.04.08"]
[EventType "swiss"]
[EventRounds "7"]
[EventCountry "GER"]
[SourceTitle "EXT 2020"]
[Source "ChessBase"]
[SourceDate "2019.10.17"]
[SourceVersion "1"]
[SourceVersionDate "2019.10.17"]
[SourceQuality "1"]

1. d4 Nf6 2. c4 d6 3. Nf3 g6 4. e4 Bg7 5. Nc3 0-0 6. Bd3 e5 7. d5 Nbd7 8. Bd2 Ne8 9. Qc1 f5 10. Bh6 Ndf6 11. Bxg7 Nxg7 12. Qe3 f4 13. Qe2 h6 14. 0-0-0 g5 15. h3 c6 16. b3 a5 17. Rdg1 Rf7 18. g3 fxg3 19. fxg3 Nfh5 20. g4 Nf4 21. Qd2 Qf8 22. Ne1 Bd7 23. a4 Re8 24. Ng2 Nxd3+ 25. Qxd3 Rf3 26. Qd2 Rf2 27. Qd1 Qf3 28. Qxf3 Rxf3 29. Kd2 Ref8 30. Ne3 Rf2+ 31. Ne2 R8f6 32. Rf1 Rxf1 33. Rxf1 Rxf1 34. Nxf1 b5 35. dxc6 Bxc6 36. cxb5 Bxe4 37. Ne3 Ne6 38. Nc4 Nc5 39. Nxa5 d5 40. Nc6 Nxb3+ 1/2-1/2